[Event "MCR senioru 2013 - 60"]
[Site "?"]
[Date "2013.08.18"]
[Round "2.1"]
[White "Tejkal, Jiri"]
[Black "Vorobyov, Yrij"]
[Result "0-1"]
[WhiteElo "1961"]
[BlackElo "2235"]
[PlyCount "85"]

1. d4 Nf6 2. Nf3 c5 3. d5 b5 4. c4 bxc4 5. Nc3 d6 6. e4 g6 7. Bxc4 Bg7 8. O-O
O-O 9. Nd2 Nbd7 10. f4 Nb6 11. Be2 e6 12. dxe6 fxe6 13. a4 a5 14. Nc4 Nxc4 15.
Bxc4 Kh8 16. e5 dxe5 17. Qxd8 Rxd8 18. fxe5 Ng4 19. Bg5 Rd4 20. Be2 Nxe5 21.
Be3 Rb4 22. Rad1 Bb7 23. Bxc5 Rxb2 24. Rb1 Rxb1 25. Rxb1 Bc6 26. Nb5 Nd7 27.
Be3 Be5 28. Rc1 Bd5 29. Nd4 Kg7 30. Bg4 Kf6 31. Rf1+ Ke7 32. Nb5 Rc8 33. Bg5+
Bf6 34. Bc1 Rc2 35. Ba3+ Kd8 36. Bh3 Be7 37. Nd4 Ra2 38. Bxe7+ Kxe7 39. Re1 Nc5
40. Rc1 Nd3 41. Rd1 Nf4 42. Rc1 Rxa4 43. Nb5 0-1

[Event "MCR senioru 2013 - 60"]
[Site "?"]
[Date "2013.08.18"]
[Round "2.2"]
[White "Mlynek, Petr"]
[Black "Fiser, Jiri"]
[Result "1-0"]
[WhiteElo "2192"]
[BlackElo "1970"]
[PlyCount "67"]

1. d4 d5 2. c4 e6 3. Nf3 Nf6 4. g3 c5 5. cxd5 exd5 6. Bg2 Nc6 7. O-O Be7 8. Nc3
O-O 9. dxc5 Bxc5 10. Na4 Be7 11. Be3 Bg4 12. h3 Be6 13. Nd4 Nxd4 14. Bxd4 b6
15. Rc1 Rc8 16. Nc3 Qd7 17. Kh2 Rfd8 18. Qd3 Bf5 19. Qb5 Qxb5 20. Nxb5 Rxc1 21.
Rxc1 a6 22. Na7 Ne4 23. Bxb6 Re8 24. Bd4 Bf6 25. Bxf6 gxf6 26. Kg1 Ng5 27. h4
Ne4 28. Nc6 Kg7 29. Nd4 Bg6 30. Rc6 a5 31. g4 h5 32. f3 Nd2 33. Rc5 hxg4 34.
fxg4 1-0

[Event "MCR senioru 2013 - 60"]
[Site "?"]
[Date "2013.08.18"]
[Round "2.3"]
[White "Dolezal, Radoslav"]
[Black "Furman, Boris"]
[Result "1/2-1/2"]
[WhiteElo "1927"]
[BlackElo "2164"]
[PlyCount "52"]

1. e4 c5 2. c3 Nf6 3. e5 Nd5 4. d4 cxd4 5. cxd4 d6 6. Nf3 Nc6 7. Bc4 Nb6 8. Be2
d5 9. O-O Bg4 10. Be3 e6 11. Nbd2 Be7 12. h3 Bh5 13. Rc1 O-O 14. Ne1 Bxe2 15.
Qxe2 f6 16. f4 fxe5 17. fxe5 Rxf1+ 18. Qxf1 Na5 19. b3 Ba3 20. Rc2 Nc6 21. Nd3
Nb4 22. Nxb4 Bxb4 23. Nf3 Qd7 24. Qd3 Be7 25. Bg5 Bf8 26. Bd2 Be7 1/2-1/2

[Event "MCR senioru 2013 - 60"]
[Site "?"]
[Date "2013.08.18"]
[Round "2.4"]
[White "Uhmann, Jan"]
[Black "Jirasek, Jiri"]
[Result "1/2-1/2"]
[WhiteElo "2137"]
[BlackElo "1952"]
[PlyCount "100"]

1. d4 Nf6 2. c4 c5 3. d5 g6 4. Nc3 d6 5. e4 Bg7 6. f4 O-O 7. Nf3 e6 8. Be2 exd5
9. cxd5 Re8 10. Nd2 h5 11. h3 b5 12. Bxb5 Nxe4 13. Ncxe4 Rxe4+ 14. Nxe4 Qa5+
15. Nc3 Bxc3+ 16. bxc3 Qxb5 17. Qe2 Ba6 18. Qxb5 Bxb5 19. Kf2 Nd7 20. g4 Nf6
21. gxh5 gxh5 22. Rg1+ Kh7 23. Re1 Bc4 24. Re7 Bxd5 25. Bd2 a6 26. Be1 Rg8 27.
Ra7 Bc4 28. Kf3 Rg1 29. Rc1 Rf1+ 30. Kg2 Rxf4 31. Bg3 Bd5+ 32. Kh2 Ra4 33. Rc2
Ne4 34. Re7 Kg6 35. c4 Be6 36. Bh4 Ra3 37. Rg2+ Kf5 38. Bg3 Bxc4 39. Rd7 Be6
40. Rd8 c4 41. Bxd6 Nxd6 42. Rxd6 Ke5 43. Rdd2 Rxh3+ 44. Kg1 c3 45. Rge2+ Kf4
46. Rd6 Bf5 47. Rc6 c2 48. Rf2+ Rf3 49. Rc4+ Kg3 50. Rg2+ Kh3 1/2-1/2

[Event "MCR senioru 2013 - 60"]
[Site "?"]
[Date "2013.08.18"]
[Round "2.5"]
[White "Chmelik, Jiri"]
[Black "Pokorny, Jan"]
[Result "1/2-1/2"]
[WhiteElo "2002"]
[BlackElo "1877"]
[PlyCount "22"]

1. d4 Nf6 2. c4 g6 3. Nc3 Bg7 4. e4 d6 5. f3 c6 6. Be3 a6 7. Qd2 O-O 8. Bd3
Nbd7 9. Nge2 b5 10. O-O Bb7 11. Rac1 e5 1/2-1/2

[Event "MCR senioru 2013 - 60"]
[Site "?"]
[Date "2013.08.18"]
[Round "2.6"]
[White "Novotny, Josef"]
[Black "Sibl, Vaclav"]
[Result "1/2-1/2"]
[WhiteElo "2129"]
[BlackElo "1948"]
[PlyCount "94"]

1. e3 d6 2. d3 Nf6 3. Nf3 e5 4. g3 Be7 5. Bg2 Nbd7 6. Nc3 O-O 7. e4 c6 8. O-O
Qc7 9. Nh4 Nc5 10. b4 Ne6 11. Nf5 Re8 12. Nxe7+ Rxe7 13. Kh1 h6 14. f4 Kh7 15.
f5 Nd4 16. g4 Ng8 17. g5 f6 18. h4 a5 19. bxa5 Rxa5 20. Rg1 Qd8 21. Ne2 Nxe2
22. Qxe2 Bd7 23. Bd2 Ra4 24. c4 Be8 25. Bf3 c5 26. Rg3 Ra3 27. Rag1 Rxa2 28.
Qg2 Qc7 29. Qh2 b5 30. cxb5 Bxb5 31. Bd1 c4 32. dxc4 Bc6 33. Bf3 Qb7 34. Qe2
Qb2 35. R3g2 Qd4 36. Qe3 Qxe3 37. Bxe3 Ra3 38. Re2 Rb7 39. Kg2 Rbb3 40. Kf2
fxg5 41. hxg5 hxg5 42. Bh5 Nf6 43. Bf7 Nxe4+ 44. Kf3 Nf6+ 45. Kf2 Ne4+ 46. Kf3
Nf6+ 47. Kf2 Ne4+ 1/2-1/2

[Event "MCR senioru 2013 - 60"]
[Site "?"]
[Date "2013.08.18"]
[Round "2.7"]
[White "Juricek, Stanislav"]
[Black "Rucka, Alois"]
[Result "1-0"]
[WhiteElo "2101"]
[BlackElo "1943"]
[PlyCount "41"]

1. e4 e5 2. Nc3 Nc6 3. g3 Nf6 4. Bg2 Be7 5. Nge2 O-O 6. O-O d6 7. d3 Bd7 8. h3
a6 9. Be3 Rb8 10. Qd2 Be6 11. Nd5 Qd7 12. Kh2 h6 13. b3 Nh7 14. f4 f5 15. exf5
Bxf5 16. Rf2 g5 17. Nxe7+ Nxe7 18. fxg5 Be6 19. Raf1 Nf5 20. g6 Nf6 21. Bxh6
1-0

[Event "MCR senioru 2013 - 60"]
[Site "?"]
[Date "2013.08.18"]
[Round "2.8"]
[White "Vlacil, Vladimir"]
[Black "Klimes, Jiri"]
[Result "1-0"]
[WhiteElo "2058"]
[BlackElo "1898"]
[PlyCount "73"]

1. e4 e5 2. Nf3 Nc6 3. Bb5 Nf6 4. O-O a6 5. Bxc6 bxc6 6. Nxe5 Bb4 7. d3 O-O 8.
Bg5 h6 9. Be3 Qe8 10. Ng4 Qe6 11. Nxf6+ Qxf6 12. c3 Ba5 13. Qh5 Bb6 14. d4 d6
15. Nd2 Re8 16. f4 Bf5 17. Qf3 Bd7 18. Rae1 Rab8 19. b3 a5 20. Nc4 a4 21. e5
Qf5 22. exd6 axb3 23. axb3 Qc2 24. Rc1 Qxb3 25. Ne5 Qe6 26. f5 Qxd6 27. f6 c5
28. fxg7 Be6 29. Nxf7 Qe7 30. Nxh6+ Kxg7 31. Rce1 Rh8 32. Qg3+ Kh7 33. Qe5 Rhf8
34. Rxf8 Rxf8 35. d5 Qh4 36. g3 Qxh6 37. Bxh6 1-0

[Event "MCR senioru 2013 - 60"]
[Site "?"]
[Date "2013.08.18"]
[Round "2.9"]
[White "Havrlik, Pavel"]
[Black "Papan, Cyril"]
[Result "0-1"]
[WhiteElo "1900"]
[BlackElo "2034"]
[PlyCount "108"]

1. c4 Nf6 2. Nc3 e6 3. Nf3 d5 4. d4 c6 5. g3 Bb4 6. Qb3 a5 7. a3 Be7 8. Bg2 a4
9. Qc2 dxc4 10. O-O b5 11. Ne5 Ra6 12. Rd1 Bd7 13. e4 Qc7 14. f4 O-O 15. Nxd7
Nbxd7 16. h3 Qb6 17. Kh2 Rd8 18. Be3 Qb8 19. Bf3 Nf8 20. Rd2 Rc8 21. Rf1 b4 22.
Nxa4 Qb5 23. Nc5 Bxc5 24. dxc5 bxa3 25. bxa3 Rxa3 26. Bd4 Qb3 27. Qxb3 cxb3 28.
Bb2 Ra2 29. Rc1 N8d7 30. g4 Nf8 31. g5 N6d7 32. e5 f5 33. Rc3 Kf7 34. Bd1 Ra5
35. Rxb3 Nxc5 36. Ra3 Rca8 37. Rxa5 Rxa5 38. Bc3 Ra6 39. Be2 Ra4 40. Rd4 Ra2
41. Rd2 Rxd2 42. Bxd2 Ne4 43. Be1 Nd7 44. Bh5+ g6 45. Bd1 Nb6 46. Bc2 Nd5 47.
Bxe4 fxe4 48. Kg3 c5 49. Bd2 c4 50. Kf2 c3 51. Bc1 Nb4 52. Ke2 Nd3 53. Kd1 Nxc1
54. Kxc1 e3 0-1

[Event "MCR senioru 2013 - 60"]
[Site "?"]
[Date "2013.08.18"]
[Round "2.10"]
[White "Trojan, Lubos"]
[Black "Lexa, Vaclav"]
[Result "1-0"]
[WhiteElo "2016"]
[BlackElo "1890"]
[PlyCount "45"]

1. Nf3 Nf6 2. d4 d5 3. Bf4 e6 4. Nbd2 c5 5. e3 Bd6 6. Bb5+ Nc6 7. Ne5 Qc7 8. c3
O-O 9. Ng4 Nxg4 10. Bxd6 Qxd6 11. Qxg4 cxd4 12. exd4 e5 13. Qg3 Qe6 14. dxe5
Nxe5 15. O-O Ng4 16. Nb3 Qb6 17. Be2 Nf6 18. Rad1 Be6 19. Rd4 Rac8 20. Bd3 Qc7
21. Qh4 Qe5 22. f3 Bf5 23. Re1 1-0

[Event "MCR senioru 2013 - 60"]
[Site "?"]
[Date "2013.08.18"]
[Round "2.12"]
[White "Zeman, Ladislav"]
[Black "Drabek, Miloslav"]
[Result "0-1"]
[WhiteElo "1900"]
[BlackElo "1877"]
[PlyCount "60"]
[EventDate "2013.??.??"]
[SourceDate "2013.08.17"]

1. e4 d6 2. d4 Nf6 3. Nc3 g6 4. f3 Nbd7 5. Be3 c6 6. a4 Bg7 7. Qd2 O-O 8. Rd1
Qa5 9. g4 e5 10. d5 Nc5 11. h4 cxd5 12. exd5 h5 13. gxh5 Nxh5 14. Kf2 Qb4 15.
b3 Bd7 16. Bc4 a6 17. Nge2 b5 18. axb5 axb5 19. Nxb5 Qxd2 20. Rxd2 Nb7 21. Nbc3
f5 22. Rdd1 f4 23. Bd2 Bf5 24. Ne4 Bxe4 25. fxe4 Nc5 26. Kf3 Ng3 27. Rhg1 Ncxe4
28. Bd3 Nxd2+ 29. Rxd2 e4+ 30. Bxe4 Rae8 0-1

[Event "MCR senioru 2013 - 60"]
[Site "?"]
[Date "2013.08.18"]
[Round "2.13"]
[White "Sedlacek, Jan"]
[Black "Just, Pavel"]
[Result "0-1"]
[WhiteElo "1890"]
[BlackElo "1989"]
[PlyCount "76"]
[EventDate "2013.??.??"]
[SourceDate "2013.08.17"]

1. e4 e5 2. Nf3 Nc6 3. Bb5 Nf6 4. O-O Nxe4 5. Re1 Nd6 6. Bxc6 dxc6 7. Nxe5 Be7
8. Qe2 Nf5 9. c3 O-O 10. d4 c5 11. dxc5 Bxc5 12. Nd3 Bb6 13. Na3 Qh4 14. Bf4
Be6 15. Be5 Rad8 16. Nf4 Bd7 17. g3 Qg4 18. Nd5 Rfe8 19. Nxb6 cxb6 20. Bf4 Qg6
21. Qf1 Bc6 22. Nc4 Nh4 23. Rxe8+ Rxe8 24. Nd2 Rd8 25. Qd1 Nf3+ 26. Nxf3 Rxd1+
27. Rxd1 h6 28. Ne5 Qc2 29. Rd8+ Kh7 30. Nxc6 bxc6 31. Rd2 Qb1+ 32. Kg2 Qxa2
33. h4 h5 34. Be3 Qe6 35. Bf4 a5 36. Kh2 a4 37. Rd6 Qb3 38. Rd2 b5 0-1

[Event "MCR senioru 2013 - 60"]
[Site "?"]
[Date "2013.08.18"]
[Round "2.14"]
[White "Zboril, Jaroslav"]
[Black "Perik, Alois"]
[Result "1/2-1/2"]
[WhiteElo "1979"]
[BlackElo "1847"]
[PlyCount "44"]
[EventDate "2013.??.??"]
[SourceDate "2013.08.17"]

1. d4 d5 2. Nf3 Nf6 3. e3 e6 4. Nbd2 c5 5. c3 Nc6 6. Bd3 c4 7. Bc2 Bd6 8. e4
dxe4 9. Nxe4 Nxe4 10. Bxe4 Qc7 11. Qe2 Ne7 12. O-O O-O 13. Ne5 f5 14. Bf3 Bxe5
15. dxe5 Ng6 16. Re1 Bd7 17. g3 Rac8 18. Bg2 b5 19. f4 Bc6 20. Be3 Bxg2 21.
Qxg2 Ne7 22. Qf2 a6 1/2-1/2

[Event "MCR senioru 2013 - 60"]
[Site "?"]
[Date "2013.08.18"]
[Round "2.15"]
[White "Pop, Ladislav"]
[Black "Kotva, Milan"]
[Result "0-1"]
[WhiteElo "1731"]
[BlackElo "1970"]
[PlyCount "50"]
[EventDate "2013.??.??"]

1. e4 e5 2. Nf3 Nc6 3. Bc4 Nf6 4. Ng5 d5 5. exd5 b5 6. Bf1 Nxd5 7. Ne4 a6 8. c4
Ndb4 9. d3 Nd4 10. Na3 bxc4 11. dxc4 Bb7 12. Nc3 Qf6 13. Be3 Rd8 14. Nd5 Nxd5
15. cxd5 Rxd5 16. Qa4+ Bc6 17. Qc4 a5 18. Rd1 Bb4+ 19. Bd2 Rc5 20. Qd3 Bxa3 21.
Bc3 Bb4 22. a3 Bxc3+ 23. bxc3 Ne6 24. Be2 Nf4 25. Qe3 Nxg2+ 0-1

[Event "MCR senioru 2013 - 60"]
[Site "?"]
[Date "2013.08.18"]
[Round "2.16"]
[White "Hlavac, Frantisek"]
[Black "Janecek, Miroslav"]
[Result "1-0"]
[WhiteElo "2011"]
[BlackElo "1467"]
[PlyCount "73"]
[EventDate "2013.??.??"]
[SourceDate "2013.08.17"]

1. e4 e5 2. Bc4 g6 3. Nf3 Bg7 4. O-O d6 5. c3 Nc6 6. h3 Nf6 7. d3 O-O 8. Bg5 a6
9. Bb3 Qe8 10. Qd2 Be6 11. Bc2 Nd7 12. d4 f6 13. Bh6 exd4 14. cxd4 Bf7 15. Nc3
Nb4 16. Bb1 Nc6 17. Bf4 Ne7 18. Re1 Nb6 19. b3 Qd7 20. Bd3 f5 21. Bg5 fxe4 22.
Bxe4 d5 23. Bxe7 Rfe8 24. Bxg6 hxg6 25. Bg5 c6 26. Bh6 Rxe1+ 27. Rxe1 Re8 28.
Bxg7 Kxg7 29. Ne5 Qe6 30. Re3 Nd7 31. Qe2 Nxe5 32. Rxe5 Qd7 33. Na4 Kf8 34.
Rxe8+ Bxe8 35. Qe5 Qg7 36. Qxg7+ Kxg7 37. Nc5 1-0

[Event "MCR senioru 2013 - 60"]
[Site "?"]
[Date "2013.08.18"]
[Round "2.17"]
[White "Bainhofer, Jiri"]
[Black "Jablecnik, Gustav"]
[Result "1-0"]
[WhiteElo "1809"]
[BlackElo "2112"]
[PlyCount "25"]
[EventDate "2013.??.??"]
[SourceDate "2013.08.17"]

1. e4 e5 2. Nf3 Nc6 3. Bb5 a6 4. Ba4 b5 5. Bb3 Bc5 6. c3 d6 7. d4 exd4 8. cxd4
Bb4+ 9. Bd2 Bg4 10. Bxb4 Nxb4 11. Bxf7+ Kxf7 12. Qb3+ Kf8 13. Qxb4 1-0

[Event "MCR senioru 2013 - 60"]
[Site "?"]
[Date "2013.08.18"]
[Round "2.18"]
[White "Parpel, Petr"]
[Black "Most, Zdenek"]
[Result "0-1"]
[WhiteElo "1777"]
[BlackElo "2046"]
[PlyCount "72"]
[EventDate "2013.??.??"]

1. d4 Nf6 2. c4 g6 3. Nc3 Bg7 4. e4 d6 5. Bd3 O-O 6. Nge2 a5 7. f4 Nc6 8. a3 e5
9. fxe5 dxe5 10. d5 Nd4 11. O-O Nd7 12. Na4 Qe7 13. Be3 Nc5 14. Nxc5 Qxc5 15.
Nxd4 exd4 16. Bf4 Qe7 17. Qd2 b6 18. b4 Ra7 19. Rac1 f5 20. exf5 Bxf5 21. Rce1
Qd7 22. b5 Raa8 23. h3 Rf7 24. Bxf5 Rxf5 25. g4 Rf7 26. Bh6 Bxh6 27. Qxh6 Raf8
28. Rxf7 Qxf7 29. Qd2 Qf3 30. Qe2 Qg3+ 31. Kh1 Qxh3+ 32. Kg1 Qg3+ 33. Kh1 d3
34. Qe6+ Rf7 35. Re3 Qf4 36. Kg2 d2 0-1

[Event "MCR senioru 2013 - 60"]
[Site "?"]
[Date "2013.08.18"]
[Round "2.19"]
[White "Pavlis, Jaromir"]
[Black "Palla, Stanislav"]
[Result "1/2-1/2"]
[WhiteElo "1996"]
[BlackElo "1785"]
[PlyCount "30"]
[EventDate "2013.??.??"]

1. e4 c5 2. Nc3 e6 3. f4 d6 4. Nf3 Nc6 5. Be2 a6 6. O-O Qc7 7. d3 g6 8. Qe1 Bg7
9. Bd1 Nge7 10. Rb1 b5 11. b3 O-O 12. Bb2 Bb7 13. a4 b4 14. Ne2 d5 15. Bxg7
Kxg7 1/2-1/2

[Event "MCR senioru 2013 - 60"]
[Site "?"]
[Date "2013.08.18"]
[Round "2.20"]
[White "Innemann, Frantisek"]
[Black "Tsapanidis, Vasilis"]
[Result "1-0"]
[WhiteElo "1919"]
[BlackElo "1802"]
[PlyCount "73"]
[EventDate "2013.??.??"]

1. e4 g6 2. d4 Bg7 3. f4 d6 4. c3 a6 5. Nf3 Nh6 6. Be2 O-O 7. O-O e6 8. a4 Nc6
9. e5 Ne7 10. Nbd2 Ng4 11. Ne4 Nf5 12. Qd3 d5 13. Ng3 Nxg3 14. hxg3 h5 15. Nh2
Nxh2 16. Kxh2 f5 17. exf6 Qxf6 18. Bd2 Bd7 19. Qe3 Rf7 20. Bd3 Raf8 21. b3 Kh7
22. Qe2 a5 23. Qxh5+ Kg8 24. Bxg6 Bh8 25. Bxf7+ Rxf7 26. Qg5+ Qxg5 27. fxg5
Rh7+ 28. Kg1 e5 29. dxe5 Bxe5 30. g6 Rg7 31. Rf7 Rxf7 32. gxf7+ Kxf7 33. Rf1+
Kg6 34. Rf8 c5 35. Ra8 d4 36. c4 Bxg3 37. Rg8+ 1-0

[Event "MCR senioru 2013 - 50"]
[Site "?"]
[Date "2013.08.18"]
[Round "2.1"]
[White "Urban, Zdenek"]
[Black "Peroutka, Ivo"]
[Result "1-0"]
[WhiteElo "2124"]
[BlackElo "1623"]
[PlyCount "85"]

1. c4 e6 2. Nc3 Nf6 3. e4 d6 4. d4 Be7 5. Nf3 c5 6. d5 e5 7. h3 a6 8. Qb3 Nbd7
9. Bd3 Rb8 10. O-O O-O 11. Bd2 h6 12. Kh2 Nh7 13. g3 Bg5 14. Qc2 Ndf6 15. Ng1
Bxd2 16. Qxd2 Nh5 17. f4 exf4 18. gxf4 Qh4 19. Qf2 Qf6 20. Rae1 g5 21. e5 Qxf4+
22. Qxf4 Nxf4 23. Bxh7+ Kxh7 24. exd6 Bf5 25. Ne4 b6 26. Ne2 Bxe4 27. Nxf4 f5
28. Ne6 Rfd8 29. Nxd8 Rxd8 30. Rxe4 fxe4 31. Rf6 Kg7 32. Re6 h5 33. Kg3 Rd7 34.
Kf2 g4 35. hxg4 hxg4 36. Kg3 e3 37. Kxg4 e2 38. Rxe2 Rxd6 39. Kf5 Rf6+ 40. Ke5
Kf7 41. Rh2 Rg6 42. Rh7+ Ke8 43. Ke4 1-0

[Event "MCR senioru 2013 - 50"]
[Site "?"]
[Date "2013.08.18"]
[Round "2.2"]
[White "Nemec, Otakar"]
[Black "Malinovsky, Petr"]
[Result "1-0"]
[WhiteElo "1919"]
[BlackElo "1980"]
[PlyCount "117"]
[EventDate "2013.??.??"]

1. e4 c5 2. c3 e6 3. d4 d5 4. e5 Qb6 5. Nf3 Bd7 6. Be2 Bb5 7. O-O Bxe2 8. Qxe2
Nc6 9. Be3 cxd4 10. Bxd4 Bc5 11. Bxc5 Qxc5 12. Nbd2 Nge7 13. Nb3 Qb6 14. Nbd4
O-O 15. Rfe1 a6 16. Nb3 Ng6 17. g3 f6 18. exf6 Rxf6 19. Qe3 Qc7 20. Nfd4 e5 21.
Nxc6 bxc6 22. f3 Raf8 23. Rf1 Qc8 24. Kg2 h5 25. Rae1 h4 26. Nd2 hxg3 27. hxg3
Nf4+ 28. gxf4 Rg6+ 29. Kf2 exf4 30. Qd3 Rff6 31. Rg1 Rh6 32. Rg2 Qh3 33. Reg1
Rh7 34. Rg6 Qe6 35. Rxf6 Qxf6 36. Qg6 Qe5 37. Qd3 Rh2+ 38. Rg2 Rh1 39. Nf1 Qe7
40. Rh2 Rxh2+ 41. Nxh2 Qh4+ 42. Kg2 Qg3+ 43. Kh1 Qf2 44. Qxa6 Qxb2 45. Qxc6
Qxa2 46. Qe8+ Kh7 47. Ng4 Qa1+ 48. Kg2 Qxc3 49. Qh5+ Kg8 50. Qxd5+ Kh8 51. Ne5
Qe1 52. Ng6+ Kh7 53. Nxf4 Qc1 54. Qe4+ Kg8 55. Kg3 Qg1+ 56. Ng2 Qc1 57. Kg4 Qb2
58. Nf4 Qh2 59. Qe8+ 1-0

[Event "MCR senioru 2013 - 50"]
[Site "?"]
[Date "2013.08.18"]
[Round "2.3"]
[White "Vlachopulos, Georgis"]
[Black "Habada, Jindrich"]
[Result "0-1"]
[WhiteElo "1971"]
[BlackElo "1886"]
[PlyCount "102"]
[EventDate "2013.??.??"]

1. e4 c5 2. Nf3 Nc6 3. d4 cxd4 4. Nxd4 g6 5. Nc3 Bg7 6. Be3 Nf6 7. f3 O-O 8.
Qd2 d5 9. Bb5 Nxd4 10. Bxd4 dxe4 11. O-O-O exf3 12. gxf3 Be6 13. Rhe1 a6 14.
Ba4 b5 15. Bb3 Bxb3 16. axb3 e6 17. Qf2 Qc7 18. Be5 Qa7 19. Qh4 Nh5 20. f4 f5
21. Rd6 Rfe8 22. Kb1 Bf8 23. Rd2 Be7 24. Qh3 Rad8 25. Rg2 Nf6 26. Qh6 Bf8 27.
Rxg6+ hxg6 28. Qxg6+ Qg7 29. Rg1 Qxg6 30. Rxg6+ Kh7 31. Rxf6 Rd7 32. Rxf8 Rxf8
33. Ne2 Rd1+ 34. Ka2 Rfd8 35. c3 Re1 36. Ng3 Rxe5 37. fxe5 f4 38. Ne4 Kg6 39.
Kb1 Kf5 40. Nd6+ Kg4 41. Kc2 Rh8 42. c4 f3 43. Ne4 Rxh2+ 44. Kd3 Rxb2 45. c5 f2
46. Nxf2+ Rxf2 47. c6 Rf8 48. Kd4 Kf5 49. b4 Rd8+ 50. Kc5 Kxe5 51. c7 Rc8 0-1

[Event "MCR senioru 2013 - 50"]
[Site "?"]
[Date "2013.08.18"]
[Round "2.4"]
[White "Mares, Ilja"]
[Black "Masek, Jan"]
[Result "1/2-1/2"]
[WhiteElo "1817"]
[BlackElo "1959"]
[PlyCount "23"]
[EventDate "2013.??.??"]

1. e4 e5 2. Nf3 Nc6 3. Bc4 Bc5 4. O-O Nf6 5. d3 O-O 6. Nc3 h6 7. Be3 Qe7 8. h3
a6 9. Ne2 Bxe3 10. fxe3 Qc5 11. Qd2 d5 12. exd5 1/2-1/2

[Event "MCR senioru 2013 - 50"]
[Site "?"]
[Date "2013.08.18"]
[Round "2.5"]
[White "Humlicek, Vojtech"]
[Black "Korinkova, Eva"]
[Result "1-0"]
[WhiteElo "1952"]
[BlackElo "1775"]
[PlyCount "99"]
[EventDate "2013.??.??"]

1. e4 c5 2. Nf3 g6 3. Bc4 Nc6 4. d3 Bg7 5. Nc3 Nf6 6. Bg5 O-O 7. Qd2 a6 8. a4
Nb4 9. Bb3 b6 10. e5 Ne8 11. Bh6 d5 12. h4 Bf5 13. O-O-O Nc7 14. Bxg7 Kxg7 15.
h5 f6 16. g4 Be6 17. hxg6 hxg6 18. Qh6+ Kf7 19. exf6 exf6 20. Qh7+ Ke8 21.
Qxg6+ Kd7 22. Rh7+ Kc8 23. Nh4 Rg8 24. Rg7 Rxg7 25. Qxg7 Ne8 26. Qg6 Nd6 27.
Re1 Bf7 28. Qh6 c4 29. dxc4 dxc4 30. Ba2 b5 31. Qe3 Nxa2+ 32. Nxa2 Qc7 33. Qf3
Ra7 34. Qxf6 Qc5 35. Nf5 Ne8 36. Qd4 Rc7 37. Re5 Qf8 38. Qb6 bxa4 39. Qxa6+ Kd8
40. Qa8+ Rc8 41. Qxa4 Qh8 42. Re1 Qf6 43. Rd1+ Kc7 44. Qa7+ Kc6 45. Nb4+ Kb5
46. Qb7+ Ka5 47. Qxc8 Kxb4 48. Qb7+ Kc5 49. Qe7+ Qxe7 50. Nxe7 1-0

[Event "MCR senioru 2013 - 50"]
[Site "?"]
[Date "2013.08.18"]
[Round "2.6"]
[White "Lorenc, Oldrich"]
[Black "Zoufaly, Petr"]
[Result "1-0"]
[WhiteElo "2137"]
[BlackElo "1716"]
[PlyCount "67"]
[EventDate "2013.??.??"]

1. Nf3 e6 2. c4 Nf6 3. g3 Be7 4. Bg2 O-O 5. O-O d5 6. b3 c6 7. d4 Nbd7 8. Bb2
a5 9. Nc3 dxc4 10. bxc4 Nb6 11. Qd3 Nfd7 12. Rfd1 f5 13. Rac1 Qe8 14. e4 fxe4
15. Nxe4 Qh5 16. Ba3 Bxa3 17. Qxa3 Nf6 18. Nd6 Nbd7 19. Rb1 c5 20. Nxc8 Rfxc8
21. Rxb7 cxd4 22. Rxd4 Rab8 23. Rbxd7 Nxd7 24. Rxd7 Rxc4 25. Bf1 Rcb4 26. Qc3
Qg6 27. Bd3 Qf6 28. Bxh7+ Kh8 29. Qxf6 gxf6 30. Nh4 Rxh4 31. gxh4 Rb4 32. h5
Rb2 33. Bg6 Rxa2 34. h6 1-0

[Event "MCR senioru 2013 - 50"]
[Site "?"]
[Date "2013.08.18"]
[Round "2.7"]
[White "Chladek, Vaclav"]
[Black "Papacek, Milos"]
[Result "1-0"]
[WhiteElo "2065"]
[BlackElo "1815"]
[PlyCount "81"]
[EventDate "2013.??.??"]

1. e4 e5 2. Nf3 Nc6 3. d4 exd4 4. c3 d5 5. exd5 Qxd5 6. cxd4 Bb4+ 7. Nc3 Bg4 8.
Be2 Nge7 9. O-O Qd7 10. d5 Bxf3 11. Bxf3 Ne5 12. Be4 Bd6 13. f4 Ng4 14. Qe2 f5
15. Bd3 a6 16. Qf3 O-O 17. h3 Nf6 18. Be3 b5 19. a3 Rad8 20. Rad1 Ng6 21. Kh1
Rfe8 22. b4 Re7 23. g3 Rde8 24. Bd4 Ne4 25. Bxe4 fxe4 26. Qg4 Qxg4 27. hxg4 Nf8
28. Rde1 Nd7 29. Re3 Nb6 30. Bxb6 cxb6 31. Rfe1 Rc7 32. Kg2 Rc4 33. Nxe4 Rd8
34. Nxd6 Rxd6 35. Re8+ Kf7 36. R1e7+ Kf6 37. Re6+ Rxe6 38. Rxe6+ Kf7 39. Rxb6
Rd4 40. Rxa6 Rxd5 41. g5 1-0

[Event "MCR senioru 2013 - 50"]
[Site "?"]
[Date "2013.08.18"]
[Round "2.8"]
[White "Cvejn, Jaroslav"]
[Black "Ruffer, Vaclav"]
[Result "1/2-1/2"]
[WhiteElo "1746"]
[BlackElo "1657"]
[PlyCount "23"]
[EventDate "2013.??.??"]

1. e4 e5 2. Nf3 Nc6 3. Bc4 Bc5 4. d3 h6 5. O-O Nf6 6. Nc3 d6 7. h3 O-O 8. Be3
Bb6 9. Bxb6 axb6 10. Qd2 Be6 11. Bxe6 fxe6 12. a3 1/2-1/2

[Event "MCR senioru 2013 - 50"]
[Site "?"]
[Date "2013.08.18"]
[Round "2.9"]
[White "Kubelova, Sona"]
[Black "Zamarska, Dagmar"]
[Result "1/2-1/2"]
[WhiteElo "1711"]
[BlackElo "1486"]
[PlyCount "76"]
[EventDate "2013.??.??"]

1. d4 d5 2. c4 c6 3. Nc3 Bf5 4. Nf3 e6 5. e3 Nf6 6. Bd2 Nbd7 7. h3 h6 8. Qb3 b6
9. cxd5 cxd5 10. Bb5 Be7 11. Ne5 O-O 12. Nxd7 Nxd7 13. O-O a6 14. Be2 b5 15. a3
Nb6 16. Rad1 Nc4 17. Bc1 Na5 18. Qa2 Bc2 19. Rd2 Bb3 20. Qb1 Nc4 21. Rd3 Nd6
22. Re1 Rc8 23. Bd1 Bc4 24. Rd2 a5 25. b3 b4 26. axb4 axb4 27. Na2 Ne4 28. bxc4
Nxd2 29. Bxd2 dxc4 30. Be2 c3 31. Bc1 Rb8 32. Qb3 Qa5 33. e4 Rfd8 34. Rd1 c2
35. Rd2 Rdc8 36. Bb2 Bg5 37. Rxc2 Rxc2 38. Qxc2 b3 1/2-1/2

[Event "MCR senioru 2013 - 50"]
[Site "?"]
[Date "2013.08.18"]
[Round "2.10"]
[White "Volfova, Milena"]
[Black "Hovad, Vaclav"]
[Result "1/2-1/2"]
[WhiteElo "1683"]
[BlackElo "1698"]
[PlyCount "46"]
[EventDate "2013.??.??"]

1. e4 d6 2. Nf3 Nf6 3. Nc3 g6 4. h3 Bg7 5. Bc4 O-O 6. d3 c6 7. a3 b5 8. Ba2 a5
9. Ne2 Nbd7 10. O-O c5 11. Ng3 Bb7 12. Re1 Qc7 13. c3 Bc6 14. Bg5 Kh8 15. Qd2
Ng8 16. Rad1 h6 17. Be3 b4 18. Bd5 bxc3 19. bxc3 Bxd5 20. exd5 Rab8 21. Rb1 Nb6
22. c4 Na4 23. Ne2 Rxb1 1/2-1/2

[Event "MCR senioru 2013 - 60 "]
[Site "?"]
[Date "2013.08.19"]
[Round "3.1"]
[White "Vorobyov, Yrij"]
[Black "Trojan, Lubos"]
[Result "1-0"]
[WhiteElo "2235"]
[BlackElo "2016"]
[PlyCount "40"]

1. Nf3 Nf6 2. c4 d5 3. cxd5 Nxd5 4. d4 e6 5. e4 Nb6 6. Be3 Bb4+ 7. Nc3 O-O 8.
a3 Be7 9. Be2 c6 10. O-O N8d7 11. b4 Nf6 12. h3 Bd7 13. Qb3 Qb8 14. a4 Be8 15.
b5 h6 16. Rfb1 Nbd7 17. bxc6 bxc6 18. Qxb8 Rxb8 19. Rxb8 Nxb8 20. Rb1 Bd7 1-0

[Event "MCR senioru 2013 - 60"]
[Site "?"]
[Date "2013.08.19"]
[Round "3.2"]
[White "Papan, Cyril"]
[Black "Mlynek, Petr"]
[Result "0-1"]
[WhiteElo "2034"]
[BlackElo "2192"]
[PlyCount "88"]

1. d4 d5 2. c4 c6 3. Nf3 e6 4. Nc3 dxc4 5. e3 b5 6. a4 Bb4 7. axb5 cxb5 8. Bd2
Qb6 9. Ne5 Nf6 10. Be2 Bb7 11. Bf3 O-O 12. O-O Bxc3 13. bxc3 Nc6 14. Nxc6 Bxc6
15. Qe2 Ne4 16. Rfd1 a5 17. Be1 Bd5 18. Rdb1 Qc6 19. Qb2 Nd6 20. Bxd5 exd5 21.
f3 Rfb8 22. Qc2 Qe8 23. e4 dxe4 24. Bg3 Rb6 25. Bxd6 Rxd6 26. Qxe4 Re6 27. Qh4
Re2 28. Kf1 Re3 29. Re1 h6 30. Kf2 Rxe1 31. Rxe1 Qd8 32. Qe4 b4 33. Qc6 Rc8 34.
Qb5 bxc3 35. d5 c2 36. Rc1 Qh4+ 37. Kf1 Qd4 38. Qxa5 Re8 39. Qa1 Qd3+ 40. Kg1
Re2 41. d6 Rd2 42. Qa8+ Kh7 43. Qe4+ Qxe4 44. fxe4 Rd1+ 0-1

[Event "MCR senioru 2013 - 60"]
[Site "?"]
[Date "2013.08.19"]
[Round "3.3"]
[White "Drabek, Miloslav"]
[Black "Juricek, Stanislav"]
[Result "1/2-1/2"]
[WhiteElo "1990"]
[BlackElo "2101"]
[PlyCount "27"]

1. d4 Nf6 2. Nf3 d5 3. c4 e6 4. g3 c6 5. Nbd2 Be7 6. Qc2 O-O 7. Bg2 b6 8. O-O
Bb7 9. b3 Nbd7 10. Bb2 Rc8 11. Rac1 c5 12. e3 Rc7 13. Rfe1 Qa8 14. Ne5 1/2-1/2